000 005350000a22002050004500
003 LK-CoMWRAF
005 20230928101156.0
008 230817t ||||| |||| 00| 0 eng d
040 _aLK-CoMWRAF
_dLK-CoMWRAF
_eLK-CoMWRAF
041 _aeng
082 _a297
_bSID
100 _aSiddiqi, Moulana Abdul Aleem
245 _aElementary teachings of Islam
260 _bMillat book centre,
300 _a96p
650 _aIslam
650 _aPrinciples of Islam
650 _aIslam -- Study and teaching (Elementary)
942 _cBK
999 _c1680
_d1680